MARC

LEADER 00000nam0a2200000 4500
001 292566
005 20231102000516.0
035 |a (RuTPU)RU\TPU\book\317202 
090 |a 292566 
100 |a 20150423d1974 k y0rusy50 ca 
101 1 |a rus  |c eng 
102 |a RU 
105 |a a z 001zy 
200 1 |a Статистические методы в физике ядерных реакторов  |e пер. с англ.  |f Р. Уриг 
210 |a Москва  |c Атомиздат  |d 1974 
215 |a 400 с.  |c ил. 
320 |a Библиогр.: с. 396-397 
606 1 |a Ядерные реакторы  |x Физика  |2 stltpush  |3 (RuTPU)RU\TPU\subj\21697  |9 46650 
610 1 |a статистические методы 
610 1 |a случайные процессы 
610 1 |a случайные шумы 
610 1 |a дискретные методы 
610 1 |a реакторные шумы 
610 1 |a анализ 
610 1 |a измерение 
610 1 |a генерация 
610 1 |a использование 
675 |a 621.039.51  |v 3 
700 1 |a Уриг  |b Р.  |g Роберт 
801 1 |a RU  |b 63413507  |c 20150423 
801 2 |a RU  |b 63413507  |c 20190902  |g RCR 
942 |c BK